[Event "Vidmar Memorial 13th"]
[Site "Portoroz"]
[Date "1999.06.22"]
[Round "9"]
[White "Beliavsky, Alexander G"]
[Black "Stohl, Igor"]
[Result "1/2-1/2"]
[WhiteElo "2650"]
[BlackElo "2573"]
[Annotator "Ribli,Z"]
[PlyCount "82"]
[EventDate "1999.06.??"]
[EventType "tourn"]
[EventRounds "10"]
[EventCountry "SLO"]
[EventCategory "14"]
[SourceTitle "CBM 072"]
[Source "ChessBase"]
[SourceDate "1999.10.01"]
[SourceVersion "1"]
[SourceVersionDate "1999.10.01"]
[SourceQuality "1"]

{[%mdl 36]} 1. d4 Nf6 2. c4 e6 3. g3 d5 4. Bg2 Be7 5. Nf3 O-O 6. O-O dxc4 {
Die klassische Variante der Katalanischen Eröffnung ist eine sichere
Möglichkeit für Schwarz. Er nimmt den c4-Bauern und während Weiss ihn
zurückgewinnt, bekommt er Zeit für die Entwicklung des Damenflügels. Ribli.} 7.
Qc2 a6 8. a4 {Dieser Zug schwächt das Feld b4, aber lässt Schwarz nicht ...
b7-b5 ziehen. Heutzutage ist dieser Zug ist viel populärer als das klassische
8.Qxc4.} Bd7 9. Rd1 {Die Alternative ist 9.Qxc4 Bc6 10.Bg5. Die
Partiefortsetzung führt zu taktischem Spiel.} Bc6 10. Nc3 Bxf3 $5 {Das ist die
prinzipielle Entscheidung.} (10... Bb4 11. Bg5 Bxc3 12. Bxf6 Qxf6 13. Qxc3 Qe7
14. Qxc4 Nd7 15. Rac1 Rfd8 16. Ne1 Bxg2 17. Nxg2 c6 $11) 11. Bxf3 Nc6 12. Bxc6
bxc6 13. a5 {Eine alte Fortsetzung, aber das moderne 13.Bg5 bietet Weiss
nichts, wie Beliavsky (mit Schwarz!) nachgewiesen hat. Weiss legt die Bauern
am Damneflügel fest und kann Ra4 oder Qa4 folgen lassen. In vielen Varianten
wird allerdings der Bauer a5 schwach.} (13. Bg5 Rb8 14. Bxf6 Bxf6 15. Ne4 Rb4
16. e3 Qd5 $1 $146 {[%csl Ga5,Gb5,Gc4,Gc5,Ge4,Gf3] 1/2-1/2 Illescas ,
M-Beliavsky,A/Madrid 1998/CBM 65/(41)}) 13... Qb8 14. Qa4 (14. Ra4 Qb3 $1 (
14... c5 15. Rxc4 cxd4 16. Rdxd4 $14) 15. Qxb3 cxb3 16. Rc4 c5 $5 (16... Rfb8
17. Rxc6 (17. Bf4 Nd5 18. Rxc6 Nxf4 19. gxf4 Bb4 $11) 17... Bb4 18. Rxc7 Bxa5
$11) 17. dxc5 Rfd8 18. Rxd8+ Rxd8 19. Rb4 (19. Be3 Nd5 $11) 19... Bxc5 20. Rxb3
h6 21. Kg2 Bd4 22. Rb7 {In der Partie Horvath,C - Stefansson,H Bischwiller
1999 wurde hier Remis gegeben.}) 14... c5 (14... Qb3 $6 15. Qxc6 Bb4 16. Bd2
Rad8 17. Qxa6 (17. e3 e5 18. Ne2 Bxd2 19. Rxd2 Rd6 20. Qa4 c5 $11) 17... Ra8
18. Qb7 Bxa5 19. Qxb3 cxb3 20. Ne4 Nxe4 21. Bxa5 Ra7 22. Bb4 $14) 15. Qxc4 (15.
dxc5 $146 Bxc5 16. Qxc4 Qa7 17. e3 Rfd8 18. Bd2 Rab8 19. Be1 Rxd1 20. Rxd1 Bd6
21. Ne2 e5 22. Bb4 Ne8 23. Bxd6 Nxd6 {1/2-1/2 Van der Sterren,P-Kalinin,A/Wijk
aan Zee II 1997/Inf 68 (30)}) 15... cxd4 16. Rxd4 c5 {Das ist noch Theorie.
Weiss hat etwas Raumvorteil und seine Bauernstruktur ist besser, aber der
a5-Bauer ist schwach und Schwarz hat Gegenchancen über die halboffene b-Linie.}
17. Rd3 $146 (17. Rd1 Qb4 18. Ra4 (18. Ra4 {1/2 Razuvaev-Geller, Moskva 1982})
18... Qxc4 19. Rxc4 Rfd8 20. Rxd8+ Rxd8 21. Be3 {1/2-1/2 Gorelov,S-Khalifman,A/
Minsk 1985/MCD-ch (21)}) 17... Qb4 $11 {[%csl Gb4] Die schwarze Dame steht
ausgezeichnet auf b4. Schwarz hat gleiche Chancen.} 18. Ra4 (18. Qxb4 $6 cxb4
19. Na4 Rad8 $15) 18... Qb7 (18... Qxc4 19. Rxc4 Rfd8 $5 $11) 19. Ra3 Qb4 20.
Ra4 (20. b3 Rfd8 $11) 20... Qb7 21. Ra3 Qb4 22. Qa2 {Nach 22.Ra4 könnte
Schwarz dreimalige Stellungswiederholung reklamieren.} Rab8 {[%cal Gb8b2]
Schwarz kontrolliert die b-Linie. Er kann mit dem Eröffnungsergebnis zufrieden
sein.} (22... Rfd8 $5 $11) 23. Ra4 (23. Bf4 Rb7 24. Bd6 Bxd6 25. Rxd6 Ra8 $11 (
25... Qxb2 26. Qxb2 Rxb2 27. Rxa6 $14 {[%csl Ga5] Der weisse ernfernte
Freibauer auf a5 ist gefährlicher als der schwarze c-Bauer.})) 23... Qb7 (23...
Qb3 $6 24. Qxb3 Rxb3 25. Nd5 $1 {[%csl Rb3][%cal Rd5e7,Re7g8,Rd3b3]} Rb7 26.
Nxe7+ Rxe7 27. Rc4 $14) 24. Rc4 {[%csl Gc4]} Rfd8 {Mit einfachen Zügen hält
Schwarz die Stellung.} 25. Rxd8+ Rxd8 {[%cal Gd8d1]} 26. Qa4 (26. e4 Ng4 $15 {
[%csl Yd4][%cal Gg4e5,Ge5c4,Ge5c6,Gc6d4]}) 26... h6 (26... Nd7 $5 $15) 27. Be3
Nd7 $15 {[%cal Gd7e5,Ge5c4,Ge5c6,Gc6b4,Gc6d4,Gc6a5] Der schwarze Springer
strebt nach e5. Weiss hat hingegen Probleme mit der Figurenkoordination.} (
27... Qxb2 28. Bxc5 Bxc5 29. Rxc5 $11) 28. Qc2 {Weiss verteidigt den b-Bauern
und macht das Feld a4 für den Turm frei.} Ne5 29. Ra4 Nc6 {[%csl Gc6][%cal
Gc6a5,Gc6b4,Gc6d4]} 30. Ne4 {[%csl Rc5][%cal Ge4c5,Ge3c5]} Nb4 31. Qb1 Qd5 {
[%csl Gd5][%cal Gd8d1]} (31... Qb5 32. Nc3 Qc4 $15) 32. Ra1 {Weiss verteidigt
sich gegen 32...Qd1+.} (32. Nc3 Qc4 $15) 32... Qc4 {[%cal Rc4e2,Gb4d5] Es
hängt e2 und der Springer strebt nach d5.} 33. Nc3 Nd5 34. Nxd5 exd5 {Schwarz
hat ein sehr starkes Bauernzentrum.} (34... Rxd5 $5 $17 {[%cal Gc4c1,Gd5d1,
Ge7f6,Gf6a1] Dieser Zug scheint mir chancenreicher als die Partiefortsetzung.})
35. Qd1 d4 {Mit diesem Zug gewinnt Schwarz Raum, aber die Diagonale h8-a1 wird
geschlossen.} (35... Qb5 36. b3 $15) (35... Bf6 {[%cal Rf6a1]} 36. Rc1 $11 {
[%cal Rc1c5]}) 36. Bf4 {[%cal Gf4c7,Gc7b6]} Bd6 {Schwarz verhindert das
eventuelle Laufermanöver Bf4-c7-b6 und tauscht die Läufer.} (36... Rd7 $5 $15)
37. Bxd6 Rxd6 38. b3 Qb5 39. Qd3 $1 $11 {Weiss hat ausgezeichnete Gegenchancen.
Die schwarze Stellung weist auch Schwächen auf.} Qxd3 (39... Qb4 40. Qc4 $11)
40. exd3 Rd7 {[%cal Rd7b7,Rb7b3]} 41. Rc1 Rb7 {Und in gleicher Stellung wurde
Remis vereinbart.} (41... Rb7 42. Rxc5 Rxb3 43. Rc6 Rxd3 44. Rxa6 Ra3 45. Rd6
Rxa5 46. Rxd4 $11) 1/2-1/2

[Event "Festival comtois 3rd"]
[Site "Belfort"]
[Date "1998.12.14"]
[Round "1"]
[White "Hauchard, Arnaud"]
[Black "Rozentalis, Eduardas"]
[Result "1-0"]
[WhiteElo "2500"]
[BlackElo "2575"]
[Annotator "Ribli,Z"]
[PlyCount "136"]
[EventDate "1998.12.14"]
[EventType "tourn"]
[EventRounds "10"]
[EventCountry "FRA"]
[EventCategory "13"]
[SourceTitle "CBM 069"]
[Source "ChessBase"]
[SourceDate "1999.04.01"]
[SourceVersion "1"]
[SourceVersionDate "1999.04.01"]
[SourceQuality "1"]

1. c4 e6 2. g3 Nf6 3. Bg2 d5 4. Nf3 Be7 (4... dxc4 $5 {Es ist immer schwierig,
die verschiedenen Varianten und Eröffnungen zu vergleichen, aber meines
Erachtens ist diese Variante für Schwarz chancenreicher als der Textzug, mit
dem Schwarz die Katalanische Eröffnung spielt. Der große Unterschied ist, daß
Weiß nach der sofortigen Annahme des c4-Bauern viel Zeit mit seiner Dame
verlieren muß, während Schwarz die Entwicklung beenden kann. Ribli.}) 5. O-O
O-O 6. d4 dxc4 7. Qc2 a6 8. Qxc4 {Die klassische Fortsetzung. Heutzutage wird
lieber der Zug 8.a4 gespielt, der Schwarz den Vorstoß ...b7-b5 nimmt.} b5 9.
Qc2 Bb7 10. Bf4 {Stattdessen kann Weiß auch 10.Bd2 oder 10.Bg5 spielen, aber
ich kann den Partiezug empfehlen.} Nc6 (10... Nd5 {Dieser Zug wirkt auf den
ersten Blick gefährlich, aber in Wirklichkeit kann sich Weiß auf f4 tauschen
lassen und bekommt dann positionellen Druck.} 11. Nc3 Nxf4 12. gxf4 $14) 11.
Rd1 (11. Nc3 $5 Nb4 (11... Nxd4 $6 12. Nxd4 Bxg2 13. Nxe6 fxe6 14. Kxg2 $14)
12. Qb1 Nbd5) 11... Nb4 12. Qc1 Qc8 $6 {Das ist die alte Fortsetzung, mit der
Schwarz nicht ausgleichen kann. Die Alternative 12...Rc8 scheint mir besser zu
sein.} (12... Rc8 13. Nc3 Nbd5 14. Nxd5 Bxd5 15. Be3 {Der Läufer steht ein
wenig unglücklich auf e3, aber Weiß verhindert um jeden Preis den
Ausgleichszug 15...c5.} c6 16. Ne1 Qb6 $11) 13. Bg5 {Die weiße Strategie ist
klar: 14.Bxf6 und im folgenden Nb1-d2-b3, um den Ausgleichzug ...c7-c5 zu
verhindern.} (13. Nbd2 c5 14. dxc5 Bxc5 15. Nb3 Be7 16. Qxc8 (16. Na5 Bd5 $11)
16... Rfxc8 17. a3 Bd5 18. Nfd4 Bxg2 19. Kxg2 Nbd5 20. Rac1 Nxf4+ 21. gxf4 g6
22. Nc6 Bf8 23. Ne5 Nd5 {1/2-1/2 Gausel,E-Rozentalis,E/Reykjavik op 1996/CBM
52 (61)}) 13... Nbd5 (13... c5 14. Bxf6 Bxf6 (14... gxf6 15. Nc3 Rd8 16. a3 Nd5
17. Nxd5 Bxd5 18. dxc5 Qxc5 19. Qxc5 Bxc5 20. Ne1 Bxg2 21. Kxg2 $14) 15. dxc5
a5 16. Na3 (16. Nc3 Qxc5 17. Nd5 Qxc1 18. Nxf6+ gxf6 19. Rdxc1 Rfc8 20. Rxc8+
Rxc8 21. a3 Bxf3 22. Bxf3 Nd5 23. Be4 Rc5 24. Rd1 Nb6 {1/2-1/2 Ribli,
Z-Rozentalis,E/BL9495 1995/BL 90 (35)}) 16... Bc6 (16... Bd5 17. e4 Bxe4 18.
Nxb5 Bc2 19. Rd2 Bg6 20. Qc4 Rb8 21. a4 Rd8 22. Rad1 {1-0 Vera,R-Sisniega,M/
Mexico 1984/Inf 38 (41)}) 17. Nc2 Ra7 18. Ncd4 Rc7 19. a3 Na6 20. Qe3 Bxf3 21.
Bxf3 Rxc5 22. Nb3 Rc2 23. Nxa5 Qc7 24. Nb7 Bxb2 25. Rab1 Rc8 26. Qb3 Be5 27.
Qxb5 Nc5 28. Na5 h6 29. Nc6 Rc3 30. Rbc1 {1-0 Splosnov,S-Berzinsh,R/Open,
Trinec CZE 1998 (30)}) 14. Nbd2 h6 (14... c5 $6 15. e4 $16) 15. Bxf6 Nxf6 (
15... Bxf6 16. Ne4 $14) 16. Nb3 Nd7 $146 {Schwarz spielt auf ...c7-c5, aber
Weiß kann das leicht verhindern. Auch nach der Alternative 16...Bd6 hat Weiß
bessere Aussichten.} (16... Bd6 17. Nc5 (17. Qe3 Bd5 18. Ne5 Qb7 19. Na5 Qb6
20. Nec6 Rfe8 21. Rac1 Bxg2 22. Kxg2 e5 23. Rc2 Nd7 24. a3 exd4 25. Qxd4 Qxd4
26. Rxd4 Nb6 27. e4 g5 28. Nb7 Bf8 29. Nc5 Nc4 {1/2-1/2 Petrosian,T-Najdorf,M/
Bugojno 1982/MCD-r8 (29)}) 17... Bd5 18. Ne5 $1 Bxg2 19. Kxg2 a5 20. Qe3 Bxc5
21. dxc5 Qa6 22. Qd3 {1-0 Smyslov,V-Olafsson,F/Belgrade URS-World [06] 1970/
MCL 01 (67)}) 17. Na5 Bd5 (17... c5 18. Nxb7 Qxb7 19. Ne5 $18) 18. Nc6 $14 {
[%csl Gc6] Der weiße Springer steht ausgezeichnet auf c6 und Schwarz hat keine
Hoffnungen auf baldigen Ausgleich.} Bd6 19. Nfe5 (19. Qc2 Nf6) 19... Bxg2 20.
Kxg2 {[%csl Gc6,Ge5] Die weißen Springer stehen für Schwarz sehr unangenehm.}
Nb6 (20... Nxe5 $2 21. dxe5 $18) (20... Bxe5 $2 21. Ne7+ {[%cal Re7g8,Re7c8]})
21. Qc2 {[%cal Ga1c1,Gc1c8]} Qb7 22. Qe4 {[%cal Rc6e7,Re4b7]} Nd5 (22... Kh8)
23. Rac1 a5 24. Rd2 (24. Rc2) 24... Ra6 25. Rdc2 Qa8 (25... Bxe5 26. dxe5 $14 {
Und Weiß kann im folgenden e2-e4 vorbereiten. Dann wird die letzte aktive
schwarze Figur vertrieben.}) 26. a3 b4 (26... Nb6 27. Qf3 $14) 27. Qf3 (27. a4
b3 $132) (27. axb4 Bxe5 28. dxe5 axb4 {[%cal Ga8a1]}) 27... bxa3 28. bxa3 a4 {
Schwarz hat etwas Aktivität am Damenflügel, aber die weißen Figuren
beherrschen das Brett.} 29. Nd7 Re8 (29... Rc8 30. e4 Ne7 31. Nxe7+ Bxe7 32.
Rxc7 Rxc7 33. Rxc7 $16) 30. e4 {[%csl Gc6,Gd4,Gd7,Ge4]} Ne7 31. Nxe7+ Rxe7 32.
Nc5 Rb6 (32... Bxc5 33. Rxc5 Qd8 34. R1c4 $14 {[%csl Rc7][%cal Gf3c3,Gc3c7]})
33. e5 {Das ist ein guter Moment für Vereinfachungen. Der schwarze Turm steht
sehr passiv auf e7, die Bauern a4 und c7 sind schwach und Weiß kann seinen
König aktivieren.} Qxf3+ 34. Kxf3 {[%csl Gf3]} Bxc5 35. Rxc5 {[%csl Rc7]} Rd7 (
35... Rb3+ 36. R1c3 Rd7 37. Ke3 $16) 36. Ke3 g5 (36... Rb3+ 37. R1c3 $16) 37.
R5c4 {[%csl Ra4]} Rb3+ 38. R1c3 Rd5 39. Rxc7 (39. Rxb3 $6 axb3 40. Rb4 c5 41.
dxc5 Rxc5 42. Kd4 Rc2 $132) 39... Rb1 (39... Rdb5) 40. R7c4 Re1+ (40... Ra5 $5)
41. Kf3 Ra5 42. Rb4 {[%cal Gb4b8,Gc3c8,Gc3c4,Gc4a4]} Ra8 43. Rb7 $5 (43. Rcc4
Ra1 44. Rxa4 Rxa3+ 45. Rxa3 Rxa3+ 46. Ke4 $14) 43... Ra1 44. Kg4 {[%csl Gg4]}
Rd1 (44... Kg7 45. Rf3 $16) 45. Rd7 Kg7 46. Rf3 Rf8 47. h3 {Ein Wartezug, denn
Weiß muß nicht beeilen, da Schwarz kein Gegenspiel hat. Eventuell kann jetzt
Weiß nach ...Rh1 den h-Bauer mit g3-g4 verteidigen.} Ra1 48. Kh5 $1 $16 {
[%csl Gh5] das Eindringen des weißen Königs ist sehr unangenehm.} Ra2 (48...
Rh1 49. g4 $16 (49. h4 $16)) 49. Rf6 {[%csl Gf6][%cal Rf6e6,Rf6h6] Statt auf
a3 zu decken, nimmt Weiß den schwarzen König unter Beschuß.} Rxa3 50. Rxe6 {
[%csl Rg7] Weiß hat den Schlüsselbauern e6 gewonnen. Jetzt sind seine d- und
e-Bauern stark und er hat das Motiv e5-e6.} Rf3 51. Rg6+ Kh7 52. Rxh6+ {
Alles kommt mit Tempo.} Kg8 53. Ra6 Rxf2 {Schwarz kann den a-Bauern nicht
halten.} (53... a3 54. Kg4 Rxf2 55. Rxa3 $16) 54. Rxa4 Rh2 55. Kg4 {Die beiden
Mehrbauern sollten den weißen Erfolg garantieren, wenngleich im Turmendspiel
die Remisbreite für gewöhnlich recht groß ist.} Rb8 56. Raa7 {[%csl Rf7]} Rf2
57. Rab7 Ra8 58. Kxg5 $18 {Weiß steht auf Gewinn.} Ra3 {[%cal Ra3g3]} 59. Kh4 (
59. g4 $5 Rxh3 60. Rd8+ Kg7 61. Rbb8 $18 {[%csl Rg7]}) 59... Re3 {Schwarz
verhindert den Zug 60.e6.} (59... Rff3 60. Rb8+ Kg7 61. e6 Rxg3 62. Rxf7+ $18)
60. Rb8+ Kh7 61. Rdd8 {[%csl Rh7]} Rff3 62. Rh8+ Kg6 63. Rb6+ (63. Rbg8+ Kf5)
63... Kg7 64. Rbb8 Kg6 65. Rh5 {[%csl Rg6]} f6 (65... Re4+ 66. g4 $18) (65...
Rxg3 66. Rg8#) 66. exf6 Re4+ (66... Rxf6 67. d5 $18) 67. g4 Rxd4 68. Rg8+ Kf7 {
Endlich gab Schwarz auf.} (68... Kxf6 69. Rf8+ $18) (68... Kf7 69. Rhh8 $18 {
[%mdl 36]}) 1-0

[Event "Olympiad-34"]
[Site "Istanbul"]
[Date "2000.10.30"]
[Round "3.3"]
[White "Anastasian, Ashot"]
[Black "Timoscenko, Gennadij A"]
[Result "0-1"]
[WhiteElo "2571"]
[BlackElo "2529"]
[Annotator "Ribli,Z"]
[PlyCount "144"]
[EventDate "2000.10.28"]
[EventType "team-swiss"]
[EventRounds "14"]
[EventCountry "TUR"]
[SourceTitle "EXT 2001"]
[Source "ChessBase"]
[SourceDate "2000.11.22"]
[SourceVersion "1"]
[SourceVersionDate "2000.11.22"]
[SourceQuality "1"]
[WhiteTeam "Armenia"]
[BlackTeam "Slovakia"]
[WhiteTeamCountry "ARM"]
[BlackTeamCountry "SVK"]

1. Nf3 Nf6 2. c4 e6 3. g3 d5 4. Bg2 Be7 (4... dxc4) 5. O-O O-O 6. d4 dxc4 7.
Qc2 a6 8. a4 Bd7 9. Qxc4 Bc6 10. Bg5 a5 {Schwarz sichert den Stützpunkt für
seinen Springer.} (10... Bd5) 11. Nc3 Na6 {[%cal Ga6b4]} 12. Bxf6 $5 {Weiß
trennt sich freiwillig von seinem Läuferpaar und möchte ein starkes
Bauernzentrum aufbauen.} Bxf6 13. e4 {[%csl Gd4,Ge4]} Nb4 14. Rad1 {Der andere
Turmzug - 15.Rfd1 nebst Rac1- scheint mir natürlicher.} (14. Rfd1 b6 15. Rd2
Bb7 16. Qe2 $5 Ba6 17. Qe3 c6 18. h4 $14 Qc7 19. Rc1 Rad8 20. e5 {1/2-1/2
Karpov,A-Milos,G/Bali 2000/CBM 77/[Ribli] (48)}) 14... b6 {Schwarz möchte den
Läufer auf b7 platzieren.} (14... Qb8 15. h4 Rd8 (15... g6) 16. Nh2 Ra6 17. Ng4
Be7 18. Qe2 Be8 $1 19. e5 Qa7 20. Ne3 {1/2-1/2 Fridman,D-Janjgava,L/Linares
1997/CBM 58/[Ribli] (30)}) 15. d5 {Dieser Zug ist zu direkt und bietet Weiß m.
E. keinen Vorteil. Es wäre besser, zuerst Rfe1 und h4 zu ziehen und die
Spannung im Zentrum aufrecht zu erhalten.} exd5 16. exd5 Bb7 17. Nd4 {[%cal
Gd4c6]} Bxd4 {Schwarz muss den Läufer gegen den gefährlichen Springer tauschen.
} 18. Rxd4 Qd7 (18... Ba6 19. Nb5 Qd7 20. Rc1 Rac8 21. Bf3 Kh8 22. Re1 Rcd8 23.
Rc1 Qf5 24. Kg2 Qf6 25. Rcd1 Bxb5 26. axb5 Qd6 {1/2-1/2 Taylor,G-Rozentalis,E/
Toronto 1995/EXT 97 (50)}) 19. Rfd1 Rae8 $11 {Schwarz hat keine Probleme - der
Nb4 steht stark und der Bb7 kann später über a6 aktiviert werden. Andererseits
hat Weiß dank seines Pd5 etwas Raumvorteil.} 20. h4 Re5 {[%cal Gf8e8,Ge8e1]}
21. Nb5 (21. d6 Bxg2 (21... c5 22. Rf4 Bxg2 23. Kxg2 Rfe8 $11) 22. Kxg2 c6 $11
{Das ist dieselbe Stellung wie nach dem 24. Zug.}) 21... Na6 22. d6 Bxg2 (22...
c6 23. Nc3 b5 $13) 23. Kxg2 (23. dxc7 $4 Qh3 $19) 23... c6 24. Nc3 {Der Pd6
ist nur scheinbar sehr stark, aber in Wirklichkeit kann Schwarz ihn gut
blockieren.} Nb4 $5 {Die große Frage ist: wie soll Weiß weiterkommen? Kann er
überhaupt noch weiter kommen? Dazu müßte er die Dame von d7 verjagen. Und
sobald der Nc3 wegzieht, kommt Nd5 mit Bauerngewinn.} (24... Nc5 25. b4 axb4
26. Qxb4 Rb8) 25. Re4 (25. R4d2 Rfe8 $11 {[%csl Gd7]}) 25... Rxe4 26. Qxe4 Re8
27. Qd4 Nc2 (27... c5) 28. Qd2 (28. Qxb6 Ne1+ 29. Kh2 Nf3+ 30. Kg2 Ne1+ $11)
28... Nb4 29. Kg1 {Weiß verbessert seine Königsstellung und möchte wieder Qd4
ziehen. Zudem vermeidet er damit für später mögliche Springerschachs auf e1.}
h6 30. Qd4 c5 {Der Pb6 hängt, dehalb muss Schwarz den Bauernzug machen. Die
Partiefortsetzung schwächt die Felder d5 und b5, aber das ist nicht von
Bedeutung.} (30... Rb8 $6 31. Qe3 $14 {[%cal Ge3e8]}) 31. Qf4 Re6 {Der Turm
kontrolliert den Pd6 und wird auf der sechsten Reihe aktiv.} 32. Nb5 Nc6 {
[%cal Gc6d4][%mdl 256]} 33. Rd5 (33. Kg2 Nd4 34. Nxd4 $2 Rxd6 $17) 33... Rf6
34. Qd2 Nb4 35. Re5 Nc6 {Wir haben ein typisches Gleichgewicht vor uns - der
Pd6 ist gleichzeitig stark und schwach - man kann daher vermuten, dass die
Partie mit Remis durch Zugwiederholung enden wird.} 36. Rd5 Nb4 37. Rh5 $6 {
[%csl Rh5] Der weiße Turm ist weit vom Hauptkriegschauplatz entfernt. Statt
für die Partiefortsetzung hätte sich Weiß besser für die Punktteilung
entscheiden.} (37. Re5 $11) 37... Nc6 {Die schwarze Drohung ist wieder Nd4,
wonach der Pd6 schwächer wird.} (37... Re6) 38. Qe3 Nd4 $15 {[%csl Rd6]} 39.
Rd5 (39. Nxd4 cxd4 40. Qxd4 Rxd6 41. Qe4 (41. Qf4 Rd1+ 42. Kh2 Qc6 $19 {
[%csl Rh2]}) 41... Rd4 42. Qa8+ Kh7 43. Qf3 (43. b3 f5 $19 {[%csl Rh5]}) 43...
Rxa4 44. Rf5 $17) 39... Re6 40. Qd3 Qc6 $1 {[%csl Rd5,Rd6]} (40... Nxb5 $6 41.
Qxb5 Re1+ 42. Kh2 Qe6 43. Qd3 Qd7 44. b3 $14) 41. Qc4 (41. Nc3 Rxd6 $17) 41...
Nf3+ 42. Kg2 (42. Kf1 $2 Nd2+ $19) 42... Ne5 {[%cal Gc6g2]} 43. Qe4 f5 44. Rxe5
{Weiß opfert die Dame für Turm und Springer.} (44. d7 Nxd7 45. Qf3 (45. Qxf5
Nf6 $19) 45... Re5 $17 (45... Ne5)) 44... fxe4 45. Rxe6 e3+ $17 46. Kg1 exf2+
47. Kxf2 Qd5 {[%csl Gd5][%mdl 1024] Die schwarze Dame ist wirksam. Weiß hat -
wie in dieser ganzen Partie - das Problem, dass er mit dem Pd6 nicht
vorankommt.} 48. Re3 (48. Re7 Kf8 $17) 48... Qf5+ 49. Kg2 Qc2+ 50. Kh3 {
Der König kann nicht auf die Grundlinie ziehen, denn dann verliert Weiß auch
noch den Pb2 mit Schach.} (50. Kg1 Qc1+ $17) 50... h5 $1 {Das engt den
Freiraum des Kh3 ein. Weiß muss nun auch mit Mattmotiven rechnen.} 51. Nc3 (51.
d7 $2 Qf5+ $19) 51... Qc1 {[%cal Rc1e3,Rc1h1]} 52. Re2 Qh1+ 53. Rh2 Qf1+ 54.
Rg2 Qd3 {[%csl Gd3,Rg2] Der Turm steht sehr passiv auf g2.} 55. Nb5 Kf7 {
Der schwarze König nähert sich dem Pd6 und befreit die Dame von dieser Aufgabe.
} 56. Kh2 Ke6 57. Rf2 Qd1 {[%cal Rd1a4] Dieser Zug gewinnt einen weiteren
Bauern.} 58. b3 Qxb3 $19 59. Re2+ Kf6 60. Kg2 (60. Rf2+) 60... Qd3 61. Kf2 c4 {
Auch Schwarz hat seinen Freibauern.} 62. Re3 Qd2+ 63. Re2 Qd3 64. Re3 Qd2+ 65.
Re2 Qd1 {[%csl Ra4][%cal Rd1a4]} 66. Re3 Qxa4 67. Nc3 (67. d7 Qd1 $19) 67...
Qd7 68. Re2 (68. Re7 Qxd6 69. Ne4+ Kxe7 $19) 68... Qf5+ (68... b5 $19) 69. Kg2
Qd3 70. Re3 {Das ist der letzte Trick von Weiß in dieser Partie.} Qd2+ (70...
Qxe3 $2 71. Nd5+ Ke6 72. Nxe3 b5 $17) 71. Kf3 Kf5 72. Ne4 Qd5 0-1